Literaturas /
Guardado en:
| Autor Principal: | |
|---|---|
| Autor Corporativo: | |
| Formato: | Libro |
| Idioma: | Undetermined |
| Publicado: |
Buenos Aires :
Ministerio de Educación de la Nación,
2021.
|
| Series: | Colección Derechos Humanos, Género y ESI en la escuela
|
| Materias: | |
| Acceso en línea: | https://www.educ.ar/recursos/157478/coleccion-derechos-humanos-genero-y-esi-en-la-escuela |
| Etiquetas: |
Agregar Etiqueta
Sin Etiquetas, Sea el primero en etiquetar este registro!
|
| LEADER | 01635nam a22003135a 4500 | ||
|---|---|---|---|
| 001 | CEM.cems019530 | ||
| 008 | 220913s2021####ag############000#0#und#d | ||
| 005 | 20231122122529.0 | ||
| 245 | 1 | 0 | |a Literaturas / |c Jaime Perczyk. |
| 260 | |a Buenos Aires : |b Ministerio de Educación de la Nación, |c 2021. | ||
| 300 | |a 61 p. | ||
| 490 | 1 | |a Colección Derechos Humanos, Género y ESI en la escuela | |
| 500 | |a Existe versión digital PDF/A. | ||
| 500 | |a Archivo Digital: descarga y online. | ||
| 505 | 0 | |a Escuela, democracia y ciudadanía -- Introducción -- Literaturas en clave de derechos -- ¿De qué hablamos cuando hablamos de literaturas? -- La experiencia lectora -- Un recorrido por diferentes ideas acerca de la literatura -- Las características del texto literario -- Tradiciones, cánones y transmisiones -- Vínculo con la tarea docente -- Las literaturas en el aula -- El derecho a la lectura -- Entramar discursos, normativas y prácticas en las aulas -- Propuestas educativas para trabajar las literaturas en el aula -- Recursero | |
| 020 | |a 9789500015103 | ||
| 100 | 1 | |a Perczyk, Jaime. | |
| 110 | 2 | |a Ministerio de Educación de la Nación. | |
| 653 | |a Derechos | ||
| 653 | |a Derechos Humanos | ||
| 653 | |a ESI | ||
| 653 | |a Educación Sexual Integral | ||
| 653 | |a Derechos del niño | ||
| 653 | |a Formación Docente | ||
| 653 | |a Género | ||
| 653 | |a Literaturas | ||
| 856 | |u https://www.educ.ar/recursos/157478/coleccion-derechos-humanos-genero-y-esi-en-la-escuela | ||
| 859 | |a CEMS |b BIB. CEMS - Agricultura |h 371.76 |i P412-5 |p A3546.23 |t Ej.1 | ||
| 859 | |a CEMS |b BIB. CEMS - 11 de abril |h 371.76 |i P412-5 |p 29363.22 |t Ej.1 | ||
